ბათუმის შოთა რუსთაველის სახელმწიფო უნივერსიტეტის ბიბლიოთეკა

Сборник задач по математике на сообразительность. (ბიბ.ჩანაწერი № 38863)

000 -LEADER
fixed length control field 00646nam a2200217Ia 4500
001 - CONTROL NUMBER
control field 5276
003 - CONTROL NUMBER IDENTIFIER
control field GE_BSU
008 - FIXED-LENGTH DATA ELEMENTS--GENERAL INFORMATION
fixed length control field 181216s||||||||xx |||||||||||||| ||und||
040 ## - CATALOGING SOURCE
Transcribing agency GE_BSU
080 ## - UNIVERSAL DECIMAL CLASSIFICATION NUMBER
Universal Decimal Classification number 51(072)
100 ## - MAIN ENTRY--PERSONAL NAME
Personal name Германович П.Ю
245 ## - TITLE STATEMENT
Title Сборник задач по математике на сообразительность.
245 ## - TITLE STATEMENT
Remainder of title Пособие для учителей
245 ## - TITLE STATEMENT
Statement of responsibility, etc. Ред. Н.И. Лепешкина
260 ## - PUBLICATION, DISTRIBUTION, ETC.
Place of publication, distribution, etc. М.,
260 ## - PUBLICATION, DISTRIBUTION, ETC.
Name of publisher, distributor, etc. Учпедгиз
260 ## - PUBLICATION, DISTRIBUTION, ETC.
Date of publication, distribution, etc. 1960
300 ## - PHYSICAL DESCRIPTION
Extent 224с. 20 см.
653 ## - INDEX TERM--UNCONTROLLED
Uncontrolled term Сборник задач по математике
942 ## - ADDED ENTRY ELEMENTS (KOHA)
Koha item type წიგნი
ეგზემპლარები
Withdrawn status Lost status Damaged status Not for loan Date acquired Barcode Date last seen Price effective from Koha item type
        2018-12-17 16100 2018-12-17 2018-12-17 წიგნი